000 00513nam a2200169Ia 4500
005 20250508155243.0
008 008 250505s9999 xx 000 0 eng d
037 _aBooks to be hide in OPAC
040 _aFEDL
_beng
_cFEDL
041 _aeng
_2eng
084 _a372.19, CHA/O
_qFEDL
245 0 _aNorms of equipment for primary and middle schools
260 _aChandigarh, India
_b Sate Institute of Education
_c1967
300 _a44p.
942 _cHB
_h372.19, CHA/O
999 _c1355535
_d1355535